Fundamentals of financial management / (Record no. 129302)

MARC details
000 -LEADER
fixed length control field 00637nam a22002177a 4500
005 - DATE AND TIME OF LATEST TRANSACTION
control field 20170124110054.0
010 ## - LIBRARY OF CONGRESS CONTROL NUMBER
LC control number A-895116
020 ## - INTERNATIONAL STANDARD BOOK NUMBER
Terms of availability 00.00
035 ## - SYSTEM CONTROL NUMBER
System control number A-895116
037 ## - SOURCE OF ACQUISITION
Source of stock number/acquisition Cen Lib/Ret
040 ## - CATALOGING SOURCE
Original cataloging agency DPL
Language of cataloging EN
082 ## - DEWEY DECIMAL CLASSIFICATION NUMBER
Classification number 358.15
Item number KHU
100 ## - MAIN ENTRY--PERSONAL NAME
Personal name Khurshid Ali
9 (RLIN) 25969
245 ## - TITLE STATEMENT
Title Fundamentals of financial management /
Statement of responsibility, etc by Khurshid Ali
260 ## - PUBLICATION, DISTRIBUTION, ETC. (IMPRINT)
Place of publication, distribution, etc Bombay
Name of publisher, distributor, etc Himalaya Publishing House
Date of publication, distribution, etc 1997
270 ## - ADDRESS
Address Dr. bhalerao marg, girgaon
City Bombay
Postal code 400004
300 ## - PHYSICAL DESCRIPTION
Extent 375p
Dimensions 20cm(Hb)
650 ## - SUBJECT ADDED ENTRY--TOPICAL TERM
Topical term or geographic name as entry element Financial management
9 (RLIN) 25970
650 ## - SUBJECT ADDED ENTRY--TOPICAL TERM
Topical term or geographic name as entry element Fundamentals
9 (RLIN) 25971
942 ## - ADDED ENTRY ELEMENTS (KOHA)
Source of classification or shelving scheme Dewey Decimal Classification
Koha item type English Books
Classification part 658.15
Call number suffix KHU
Holdings
Withdrawn status Lost status Damaged status Not for loan Home library Current library Date acquired Source of acquisition Cost, normal purchase price Total Checkouts Full call number Barcode Date last seen Date checked out Copy number Cost, replacement price Price effective from Koha item type
        Central Library Central Library 06/07/2015 Cen Lib/Ret 0.00 1 358.15 KHU A-895116 19/12/2022 15/12/2022 1 0.00 06/07/2015 English Books

© Delhi Public Library
Hit Counter
free hit counter